Curriculum vitae slovenskej krajiny
Predkovia slovenskej krajiny. Slovenská krajina v mladších treťohorách. Slovenská krajina v pleistocéne, na jeho konci, v staršom holocéne, v strednom holocéne, na konci praveku a v staroveku, vo včasnom stredoveku, vrcholnom a neskorom stredoveku. Prvé písomné zmienky o krajine. Krajina v nepokojný...
Gespeichert in:
| 1. Verfasser: | |
|---|---|
| Format: | Buchkapitel |
| Sprache: | Slowakisch |
| Schlagworte: | |
| Tags: |
Keine Tags, Fügen Sie das erste Tag hinzu!
|
MARC
| LEADER | 00000naa$a2200000$$$4500 | ||
|---|---|---|---|
| 001 | 0106957 | ||
| 005 | 20231127085302.9 | ||
| 041 | 0 | |a slo | |
| 044 | |a SK | ||
| 245 | 1 | 0 | |a Curriculum vitae slovenskej krajiny |c Ján Lacika |
| 520 | |a Predkovia slovenskej krajiny. Slovenská krajina v mladších treťohorách. Slovenská krajina v pleistocéne, na jeho konci, v staršom holocéne, v strednom holocéne, na konci praveku a v staroveku, vo včasnom stredoveku, vrcholnom a neskorom stredoveku. Prvé písomné zmienky o krajine. Krajina v nepokojných časoch 16. a 17. storočia, v 18. storočí, v 19. storočí, v medzivojnovom období. Socialistická premena slovenskej krajiny. Dnešná slovenská krajina. | ||
| 610 | 2 | 0 | |a Slovensko |
| 610 | 2 | 0 | |a geológia |
| 610 | 2 | 0 | |a príroda |
| 610 | 2 | 0 | |a história |
| 610 | 2 | 0 | |a životopisy |
| 100 | 1 | |a Lacika, Ján | |